| 000 | 00678 a2200217 4500 | ||
|---|---|---|---|
| 003 | Nust | ||
| 005 | 20230102111255.0 | ||
| 010 | _a 92042068 | ||
| 020 | _a013174061X | ||
| 040 | _cNust | ||
| 082 | 0 | 0 | _a629.8,SHA |
| 100 | 1 |
_aShahian, Bahram. _9106595 |
|
| 245 | 1 | 0 |
_aControl system design using Matlab / _cBahram Shahian, Michael Hassul. |
| 260 |
_aEnglewood Cliffs, N.J. : _bPrentice Hall, _cc1993. |
||
| 300 |
_axx, 503 p. : _bill. ; _c24 cm. |
||
| 505 | _aPart.1 Introduction to MATLAB (Page-1), Part.2 Control Systems Design (Page-167). | ||
| 650 | 0 | _aAutomatic control. | |
| 650 | 0 |
_aSystem design. _92255 |
|
| 700 | 1 |
_aHassul, Michael. _9106596 |
|
| 942 |
_2ddc _cBK |
||
| 999 |
_c175920 _d175920 |
||